Opera senza parole (Lp Ss 152) (Record n. 102729)
[ formato base ]
| 000 -LEADER | |
|---|---|
| fixed length control field | 01440njm a2200325Ia 4500 |
| 001 - CONTROL NUMBER | |
| control field | 23800 |
| 003 - CONTROL NUMBER IDENTIFIER | |
| control field | IT-RoPAU |
| 005 - DATE AND TIME OF LATEST TRANSACTION | |
| control field | 20220918181158.0 |
| 008 - FIXED-LENGTH DATA ELEMENTS--GENERAL INFORMATION | |
| fixed length control field | 131025s9999 xx 000 0 und d |
| 040 ## - CATALOGING SOURCE | |
| Original cataloging agency | IT-RoPAU |
| 040 ## - CATALOGING SOURCE | |
| Transcribing agency | IT-RoPAU |
| 999 ## - SYSTEM CONTROL NUMBERS (KOHA) | |
| Koha Dewey Subclass [OBSOLETE] | n.d. |
| 100 ## - MAIN ENTRY--PERSONAL NAME | |
| Personal name | AA.VV. |
| 9 (RLIN) | 794 |
| 100 ## - MAIN ENTRY--PERSONAL NAME | |
| Relator term | Autore musica |
| 9 (RLIN) | 5989 |
| 100 ## - MAIN ENTRY--PERSONAL NAME | |
| Miscellaneous information | Codice autore musica SPICS: 12000 |
| 9 (RLIN) | 796 |
| 245 ## - TITLE STATEMENT | |
| Title | Opera senza parole (Lp Ss 152) |
| 250 ## - EDITION STATEMENT | |
| Edition statement | 1a ed. |
| 260 ## - PUBLICATION, DISTRIBUTION, ETC. (IMPRINT) | |
| Place of publication, distribution, etc. | MILANO |
| 260 ## - PUBLICATION, DISTRIBUTION, ETC. (IMPRINT) | |
| Name of publisher, distributor, etc. | BLUEBELL RECORDS |
| 300 ## - PHYSICAL DESCRIPTION | |
| Extent | DISCO |
| 500 ## - GENERAL NOTE | |
| General note | Musica operistica. Musica classica. Opera lirica |
| 505 ## - FORMATTED CONTENTS NOTE | |
| Formatted contents note | La Traviata: addio del passato - Tannhauser: stella della sera - Madame Butterfly: un bel dì - Boheme: valzer Musette - Aida: celeste Aida - Carmen: Habanera - La Traviata: sempre libera |
| 511 ## - PARTICIPANT OR PERFORMER NOTE | |
| Participant or performer note | Orchestra 101 Strings |
| 650 ## - SUBJECT ADDED ENTRY--TOPICAL TERM | |
| Topical term or geographic name as entry element | OPERA [DISCHI] |
| Relator term | Codice MATERIA SPICS: 9950 |
| 9 (RLIN) | 961 |
| 700 ## - ADDED ENTRY--PERSONAL NAME | |
| Personal name | Verdi Giuseppe |
| Dates associated with a name | Codice autore musica SPICS: 89 |
| Relator term | Autore musica |
| Name of part/section of a work | La Traviata: addio del passato - Aida: celeste Aida - La Traviata: sempre libera |
| 9 (RLIN) | 5990 |
| 700 ## - ADDED ENTRY--PERSONAL NAME | |
| Personal name | Wagner Richard |
| Dates associated with a name | Codice autore musica SPICS: 563 |
| Relator term | Autore musica |
| Name of part/section of a work | Tannhauser: stella della sera |
| 9 (RLIN) | 5991 |
| 700 ## - ADDED ENTRY--PERSONAL NAME | |
| Personal name | Puccini Giacomo |
| Dates associated with a name | Codice autore musica SPICS: 11082 |
| Relator term | Autore musica |
| Name of part/section of a work | Madame Butterfly: un bel dì - Boheme: valzer Musette |
| 9 (RLIN) | 5992 |
| 700 ## - ADDED ENTRY--PERSONAL NAME | |
| Personal name | Bizet Georges |
| Dates associated with a name | Codice autore musica SPICS: 10724 |
| Relator term | Autore musica |
| Name of part/section of a work | Carmen: Habanera |
| 9 (RLIN) | 5993 |
| 942 ## - ADDED ENTRY ELEMENTS (KOHA) | |
| Koha item type | DISCHI |
| Source of classification or shelving scheme | Dewey Decimal Classification |
| Withdrawn status | Lost status | Damaged status | Not for loan | Home library | Current library | Date acquired | Total Checkouts | Full call number | Date last seen | Price effective from | Koha item type | Public note |
|---|---|---|---|---|---|---|---|---|---|---|---|---|
| Buone Condizioni | Not For Loan | SPICS-MEDIATECA | SPICS-MEDIATECA | 25/10/2013 | 23800 | 25/10/2013 | 25/10/2013 | DISCHI | Progr. Ins.: 4647 / N.Vol.: 1 / Copie: 1 - Copia rara: n.d. / date import: 01.01.2014 - By Epidotti, Trombetti, Vaglietti |